Statistics for Eurovision Nul Points Countries

Click here to take the quiz!

General Stats

  • This quiz has been taken 32 times
  • The average score is 13 of 17

Answer Stats

Country% Correct
Germany
97%
United Kingdom
93%
Finland
90%
Spain
90%
Italy
87%
Norway
87%
Austria
80%
Netherlands
80%
Portugal
80%
Belgium
77%
Iceland
73%
Switzerland
73%
Czech Republic
70%
Lithuania
70%
Luxembourg
70%
Turkey
67%
Yugoslavia
47%

Score Distribution

Percentile by Number Answered

Percent of People with Each Score

Your Score History

You have not taken this quiz